The essential Salvador Dalí / (Record no. 23462)
[ view plain ]
| 000 -LEADER | |
|---|---|
| fixed length control field | 01284cam a2200361 a 4500 |
| 001 - CONTROL NUMBER | |
| control field | 4983331 |
| 005 - DATE AND TIME OF LATEST TRANSACTION | |
| control field | 20170126113637.0 |
| 008 - FIXED-LENGTH DATA ELEMENTS--GENERAL INFORMATION | |
| fixed length control field | 980715s1998 nyua 000 0 eng d |
| 010 ## - LIBRARY OF CONGRESS CONTROL NUMBER | |
| LC control number | 98071952 |
| 020 ## - INTERNATIONAL STANDARD BOOK NUMBER | |
| International Standard Book Number | 0836269969 (Andrews McMeel) |
| 020 ## - INTERNATIONAL STANDARD BOOK NUMBER | |
| International Standard Book Number | 0810958007 (Harry N. Abrams) |
| 035 ## - SYSTEM CONTROL NUMBER | |
| System control number | (OCoLC)40553720 |
| 040 ## - CATALOGING SOURCE | |
| Original cataloging agency | CL |
| Transcribing agency | CL |
| Modifying agency | DLC |
| 042 ## - AUTHENTICATION CODE | |
| Authentication code | lccopycat |
| 043 ## - GEOGRAPHIC AREA CODE | |
| Geographic area code | e-sp--- |
| 050 00 - LIBRARY OF CONGRESS CALL NUMBER | |
| Classification number | ND813 |
| Item number | .D3G58 1998 |
| 100 1# - MAIN ENTRY--PERSONAL NAME | |
| Personal name | Goff, Robert. |
| 245 14 - TITLE STATEMENT | |
| Title | The essential Salvador Dalí / |
| Statement of responsibility, etc. | by Robert Goff. |
| 246 30 - VARYING FORM OF TITLE | |
| Title proper/short title | Salvador Dalí |
| 260 ## - PUBLICATION, DISTRIBUTION, ETC. (IMPRINT) | |
| Place of publication, distribution, etc. | New York : |
| Name of publisher, distributor, etc. | Wonderland Press : |
| -- | Harry N. Abrams, |
| Date of publication, distribution, etc. | 1998. |
| 300 ## - PHYSICAL DESCRIPTION | |
| Extent | 112 p. : |
| Other physical details | col. ill. ; |
| Dimensions | 16 cm. |
| 490 1# - SERIES STATEMENT | |
| Series statement | Essential series |
| 600 10 - SUBJECT ADDED ENTRY--PERSONAL NAME | |
| Personal name | Dalí, Salvador, |
| Dates associated with a name | 1904-1989 |
| General subdivision | Criticism and interpretation. |
| 650 #0 - SUBJECT ADDED ENTRY--TOPICAL TERM | |
| Topical term or geographic name as entry element | Surrealism |
| Geographic subdivision | Spain. |
| 830 #0 - SERIES ADDED ENTRY--UNIFORM TITLE | |
| Uniform title | Essential series (Wonderland Press) |
| 942 ## - ADDED ENTRY ELEMENTS (KOHA) | |
| Source of classification or shelving scheme | |
| Koha item type | Hard Covered Materials |
| Classification part | ND813 .D3G58 1998 |
| Withdrawn status | Lost status | Source of classification or shelving scheme | Damaged status | Not for loan | Home library | Current library | Shelving location | Date acquired | Source of acquisition | Total Checkouts | Full call number | Barcode | Date last seen | Price effective from | Koha item type |
|---|---|---|---|---|---|---|---|---|---|---|---|---|---|---|---|
| MACHAKOS UNIVERSITY LIBRARY | MACHAKOS UNIVERSITY LIBRARY | Technical section | 26/01/2017 | Donation(BFA) | ND813 .D3G58 1998 | 32289 | 10/07/2018 | 26/01/2017 | Hard Covered Materials |